Husitské re-formace
| Titel: | Husitské re-formace : proměna kulturního kódu v 15. století / Pavlína Cermanová a Pavel Soukup (edd.) |
|---|---|
| Beteiligt: | ; |
| Ausgabe: | Vydání první |
| Veröffentlicht: | Praha : NLN, 2019 |
| Umfang: | 378 Seiten : Illustrationen ; 24 cm |
| Format: | Buch |
| Sprache: | Tschechisch |
| Schriftenreihe/ mehrbändiges Werk: |
Středověk ; sv. 4 |
| RVK-Notation: | |
| ISBN: | 9788074227301 |
| Hinweise zum Inhalt: |
Inhaltsverzeichnis
Buch Bibliographie Cover Register Abstract |
alg: 46183735 001A $00026:30-03-20 001B $01999:21-11-25 $t16:14:37.000 001D $00026:03-08-20 001U $0utf8 001X $00 002@ $0Aau 002C $aText $btxt $2rdacontent 002D $aohne Hilfsmittel zu benutzen $bn $2rdamedia 002E $aBand $bnc $2rdacarrier 003@ $0461837358 003O $01163926708 $aOCoLC 004A $A978-80-7422-730-1 006C $01142706449 $aOCoLC 007A $0BV046449892 $aBVB 007G $0 009P $qapplication/pdf $A2 $3Inhaltsverzeichnis $uhttp://scans.hebis.de/HEBCGI/show.pl?46183735_toc.pdf $mV:DE-603;B:DE-26 009P $qapplication/pdf $A2 $3Buch Bibliographie $uhttp://scans.hebis.de/HEBCGI/show.pl?46183735_bib.pdf $mV:DE-603;B:DE-Mb50 009P $qapplication/pdf $A2 $3Cover $uhttp://scans.hebis.de/HEBCGI/show.pl?46183735_cov.pdf $mV:DE-603;B:DE-Mb50 009P $qapplication/pdf $A2 $3Register $uhttp://scans.hebis.de/HEBCGI/show.pl?46183735_idx.pdf $mV:DE-603;B:DE-Mb50 009P $qapplication/pdf $A2 $3Abstract $uhttp://scans.hebis.de/HEBCGI/show.pl?46183735_sum.pdf $mV:DE-603;B:DE-Mb50 010@ $acze 010E $erda 011@ $a2019 021A $aHusitské re-formace $dproměna kulturního kódu v 15. století $hPavlína Cermanová a Pavel Soukup (edd.) 027A $aHusitské reformace 028C $BHerausgeber $4edt $7132017253 $8Cermanová, Pavlína$Z1977- [Tp1] $9180792857 028C $BHerausgeber $4edt $7131904604 $8Soukup, Pavel$Z1976- [Tp1] $9180114204 032@ $aVydání první 033A $pPraha $nNLN 034D $a378 Seiten 034I $a24 cm 034M $aIllustrationen 036E $aStředověk $lsv. 4 037A $aLiteraturverzeichnis Seite 326-361 044K $RTschechien $#Böhmische Kronländer $#Länder der Böhmischen Krone $#Sudetenland $#Böhmen $#Mähren $#Mährisch-Schlesien $#Österreichisch-Schlesien $#Tschechische Sozialistische Republik Böhmische Länder $#Tschechei Böhmische Länder $#Země koruny české $74069573-6 $8Böhmische Länder [Tg1] $9085195553 044K $RRezeption $#Hussites $#Hussites $#Husitas $#Hussit $#Hussitismus $#Husiten $74137460-5 $8Hussiten [Ts1] $908551540X 044K $RHussiten $74756291-2 $8Utraquisten [Ts1] $9115226184 044K $RAuswirkung $RFortleben $#Influence (Literary, artistic, etc.) $#Influence littéraire, artistique, etc. $#Rezeption $#Fortwirken $#Nachwirkung Rezeption $#Nachleben $#Wirkungsgeschichte $#Aneignung Rezeption $74049716-1 $8Rezeption [Tsz] $9085138584 044K $RKünste $RKunstwerk $#Art $#Art $#Arte $#Arte $#arts $#Art $#Bildende Kunst $#Kunst $#Bildende Kunst $#Kunstdenkmal Kunst $74114333-4 $8Kunst [Tsz] $9085341703 044K $RKulturphilosophie $RZivilisation $#Civilization $#Culture $#Civilisation $#Culture $#Cultura $#Civilización $#Kultur $#Kultur $#kulturelle Faktoren $74125698-0 $8Kultur [Tsz] $9085424803 044K $RKirchliche Erneuerung $#Church renewal $#Église Réforme $#Kirche Reform $74138222-5 $8Kirchenreform [Ts1] $9085521248 044K $RFortschritt $RWandel $RSoziale Evolution $#Social change $#Changement social $#Gesellschaft Strukturwandel $#Gesellschaft Wandel $#Gesellschaftlicher Wandel $#Gesellschaftswandel $#Soziale Änderung $#Soziale Veränderung $#Gesellschaft Strukturelle Anpassung $74077587-2 $8Sozialer Wandel [Ts1] $9085219908 044K $RWandel $RKulturkontakt $#Social change $#Changement social $#Kulturwandel $#Kultureller Wandel $74033596-3 $8Kulturwandel [Ts1] $9085089745 045F $a200.9437109024 $eDDC23BSB 045F/01 $a200.9 045F/03 $f09024 045F/03 $g4371 045G $a306.09437109024 $eDDC23BSB 045G/01 $a306.09 045G/03 $f09024 045G/03 $g4371 045R $aGeschichte 1400-1500 045T $aOST $qDE-12 $2FID 045Z $8NK 2470 [Tkv] $9410888540 046C $aThe Hussite re-formation : the transformation of cultural codes in the fifteenth century $bTitel der Zusammenfassung 046L $aZusammenfassung in englischer Sprache lok: 46183735 24 exp: 46183735 24 1 #EPN 201B/01 $030-10-25 $t12:34:47.000 201C/01 $011-09-25 201U/01 $0utf8 203@/01 $01317969243 208@/01 $a28-10-25 $bz 209A/01 $a25.05055 $du $f050 $h25 05055 $x00 209C/01 $a25.05055 K $h25 05055 K 209G/01 $a75093870 $x00 220C/01 $akon 247C/01 $8358050-7Marburg, Bibliothek des Herder-Instituts Marburg $9102600961 lok: 46183735 78 exp: 46183735 78 1 #EPN 201B/01 $028-01-21 $t14:26:06.000 201C/01 $028-01-21 201U/01 $0utf8 203@/01 $01137766891 208@/01 $a28-01-21 $be 209A/01 $a/ $f000 $x00 209A/01 $ab*p $x01 220C/01 $apgar 244Z/01 $#Böhmische Kronländer $#Länder der Böhmischen Krone $#Sudetenland $#Böhmen $#Mähren $#Mährisch-Schlesien $#Österreichisch-Schlesien $#Tschechische Sozialistische Republik Böhmische Länder $#Tschechei Böhmische Länder $#Země koruny české $74069573-6 $8--Tg1--Böhmische Länder $x01 $9085195553 247C/01 $82080>Marburg/Lahn, Herder-Institut, Forschungsbibliothek, Bibliographieportal $9336309341 lok: 46183735 204 exp: 46183735 204 1 #EPN 201B/01 $031-08-20 $t14:47:26.000 201C/01 $030-03-20 201U/01 $0utf8 203@/01 $01090103891 208@/01 $a31-08-20 $bzUB 209A/01 $a000 NK 2470 C415 $du $f000 $x00 209G/01 $a70047527 $x00 245S/01 $a10200 $x01 247C/01 $8631000-x <26>Gießen, Universität Gießen, Universitätsbibliothek Gießen $9102596697
| LEADER | 00000cam a2200000 c 4500 | ||
|---|---|---|---|
| 001 | 461837358 | ||
| 003 | DE-603 | ||
| 005 | 20251121161437.0 | ||
| 007 | tu | ||
| 008 | 200330s2019 xx |||| | u00||u|cze c | ||
| 020 | |a 9788074227301 | ||
| 035 | |a (DE-599)BVBBV046449892 | ||
| 035 | |a (OCoLC)1163926708 | ||
| 040 | |a DE-603 |b ger |c DE-603 |d DE-603 |e rda | ||
| 041 | |a cze | ||
| 082 | 0 | 4 | |8 1\u |a 200.9437109024 |q DE-101 |2 23/BSB |
| 083 | 0 | |8 2\u |a 306.09437109024 |q DE-101 |2 23/BSB | |
| 084 | |a OST |q DE-12 |2 fid | ||
| 084 | |a NK 2470 |0 (DE-625)125896: |0 (DE-603)410888540 |2 rvk | ||
| 085 | |8 1\u |b 200.9 | ||
| 085 | |8 1\u |z 1 |s 09024 | ||
| 085 | |8 1\u |z 2 |s 4371 | ||
| 085 | |8 2\u |b 306.09 | ||
| 085 | |8 2\u |z 1 |s 09024 | ||
| 085 | |8 2\u |z 2 |s 4371 | ||
| 245 | 0 | 0 | |a Husitské re-formace |b proměna kulturního kódu v 15. století |c Pavlína Cermanová a Pavel Soukup (edd.) |
| 246 | 1 | |i Titel der Zusammenfassung |a The Hussite re-formation : the transformation of cultural codes in the fifteenth century | |
| 246 | 1 | 3 | |a Husitské reformace |
| 250 | |a Vydání první | ||
| 264 | 1 | |a Praha |b NLN |c 2019 | |
| 300 | |a 378 Seiten |b Illustrationen |c 24 cm | ||
| 336 | |a Text |b txt |2 rdacontent | ||
| 337 | |a ohne Hilfsmittel zu benutzen |b n |2 rdamedia | ||
| 338 | |a Band |b nc |2 rdacarrier | ||
| 490 | 0 | |a Středověk |v sv. 4 | |
| 500 | |a Literaturverzeichnis Seite 326-361 | ||
| 546 | |a Zusammenfassung in englischer Sprache | ||
| 648 | 7 | |a Geschichte 1400-1500 |2 gnd | |
| 650 | 7 | |a Hussiten |0 (DE-588)4137460-5 |0 (DE-603)08551540X |2 gnd | |
| 650 | 7 | |a Utraquisten |0 (DE-588)4756291-2 |0 (DE-603)115226184 |2 gnd | |
| 650 | 7 | |a Rezeption |0 (DE-588)4049716-1 |0 (DE-603)085138584 |2 gnd | |
| 650 | 7 | |a Kunst |0 (DE-588)4114333-4 |0 (DE-603)085341703 |2 gnd | |
| 650 | 7 | |a Kultur |0 (DE-588)4125698-0 |0 (DE-603)085424803 |2 gnd | |
| 650 | 7 | |a Kirchenreform |0 (DE-588)4138222-5 |0 (DE-603)085521248 |2 gnd | |
| 650 | 7 | |a Sozialer Wandel |0 (DE-588)4077587-2 |0 (DE-603)085219908 |2 gnd | |
| 650 | 7 | |a Kulturwandel |0 (DE-588)4033596-3 |0 (DE-603)085089745 |2 gnd | |
| 651 | 7 | |a Böhmische Länder |0 (DE-588)4069573-6 |0 (DE-603)085195553 |2 gnd | |
| 700 | 1 | |a Cermanová, Pavlína |d 1977- |e Herausgeber |4 edt |0 (DE-603)180792857 |0 (DE-588)132017253 |2 gnd | |
| 700 | 1 | |a Soukup, Pavel |d 1976- |e Herausgeber |4 edt |0 (DE-603)180114204 |0 (DE-588)131904604 |2 gnd | |
| 856 | 4 | 2 | |m V:DE-603;B:DE-26 |q application/pdf |u http://scans.hebis.de/HEBCGI/show.pl?46183735_toc.pdf |3 Inhaltsverzeichnis |
| 856 | 4 | 2 | |m V:DE-603;B:DE-Mb50 |q application/pdf |u http://scans.hebis.de/HEBCGI/show.pl?46183735_bib.pdf |3 Buch Bibliographie |
| 856 | 4 | 2 | |m V:DE-603;B:DE-Mb50 |q application/pdf |u http://scans.hebis.de/HEBCGI/show.pl?46183735_cov.pdf |3 Cover |
| 856 | 4 | 2 | |m V:DE-603;B:DE-Mb50 |q application/pdf |u http://scans.hebis.de/HEBCGI/show.pl?46183735_idx.pdf |3 Register |
| 856 | 4 | 2 | |m V:DE-603;B:DE-Mb50 |q application/pdf |u http://scans.hebis.de/HEBCGI/show.pl?46183735_sum.pdf |3 Abstract |
| 924 | 0 | |9 Mb 50 |a (DE-603)1317969243 |b DE-Mb50 |c HES |d c |g 25.05055 | |
| 924 | 0 | |9 2080 |a (DE-603)1137766891 |b DE-2080 |c HES |d d |g / | |
| 924 | 0 | |9 26 |a (DE-603)1090103891 |b DE-26 |c HES |d c |g 000 NK 2470 C415 | |


